Sosyedad at literatura : (Record no. 89373)
[ view plain ]
| 000 -LEADER | |
|---|---|
| fixed length control field | 01043nam a22002777a 4500 |
| 003 - CONTROL NUMBER IDENTIFIER | |
| control field | URS |
| 005 - DATE AND TIME OF LATEST TRANSACTION | |
| control field | 20260223134922.0 |
| 008 - FIXED-LENGTH DATA ELEMENTS--GENERAL INFORMATION | |
| fixed length control field | 260216b |||||||| |||| 00| 0 eng d |
| 020 ## - INTERNATIONAL STANDARD BOOK NUMBER | |
| International Standard Book Number | 9789718219966 |
| 040 ## - CATALOGING SOURCE | |
| Transcribing agency | URS |
| 050 ## - LIBRARY OF CONGRESS CALL NUMBER | |
| Classification number | PL 5531 |
| Item number | .So75 2022 |
| 100 ## - MAIN ENTRY--PERSONAL NAME | |
| Personal name | Bernales, Rolando A. |
| Relator term | Author |
| 245 ## - TITLE STATEMENT | |
| Title | Sosyedad at literatura : |
| Statement of responsibility, etc | Rolando A. Bernales, Reynele Bren G. Zafra, Crizel Sicat-De Laza, Elimar A. Ravina, Marilou S. Matilla, Jennifer S. Hernandez, Emeliza T. Cruz. |
| Remainder of title | (o Panitikang Panlipunan) / |
| 264 ## - PUBLICATION, DISTRIBUTION, ETC. (IMPRINT) | |
| Place of publication, distribution, etc | Malabon City : |
| Name of publisher, distributor, etc | Mutya Publishing House, Inc., |
| Date of publication, distribution, etc | ©2022. |
| 300 ## - PHYSICAL DESCRIPTION | |
| Extent | 256 pages : |
| Other physical details | illustrations ; |
| Dimensions | 24 cm. |
| 504 ## - BIBLIOGRAPHY, ETC. NOTE | |
| Bibliography, etc | Includes bibliographical references. |
| 650 ## - SUBJECT ADDED ENTRY--TOPICAL TERM | |
| Topical term or geographic name as entry element | Wika at Lipunan |
| 650 ## - SUBJECT ADDED ENTRY--TOPICAL TERM | |
| Topical term or geographic name as entry element | Wika at Panitikan |
| 700 ## - ADDED ENTRY--PERSONAL NAME | |
| Personal name | Zafra, Reynele Bren G. |
| Relator term | Author |
| 700 ## - ADDED ENTRY--PERSONAL NAME | |
| Personal name | Sicat-De Laza, Crizel |
| Relator term | Author |
| 700 ## - ADDED ENTRY--PERSONAL NAME | |
| Personal name | Ravina, Elimar A. |
| Relator term | Author |
| 700 ## - ADDED ENTRY--PERSONAL NAME | |
| Personal name | Matilla, Marilou S. |
| Relator term | Author |
| 700 ## - ADDED ENTRY--PERSONAL NAME | |
| Personal name | Hernandez, Jennifer S. |
| Relator term | Author |
| 700 ## - ADDED ENTRY--PERSONAL NAME | |
| Personal name | Cruz, Emeliza T. |
| Relator term | Author |
| 942 ## - ADDED ENTRY ELEMENTS (KOHA) | |
| Source of classification or shelving scheme | Library of Congress Classification |
| Koha item type | Filipiniana |
| Withdrawn status | Lost status | Source of classification or shelving scheme | Damaged status | Not for loan | Collection code | Home library | Current library | Shelving location | Date acquired | Source of acquisition | Total Checkouts | Full call number | Barcode | Date last seen | Copy number | Price effective from | Koha item type |
|---|---|---|---|---|---|---|---|---|---|---|---|---|---|---|---|---|---|
| Library of Congress Classification | Non-fiction | Antipolo College Library | Antipolo College Library | Filipiniana Section | 10/23/2025 | Purchased | PL 5531 .So75 2022 | URSANT-06220 | 02/16/2026 | 1 | 02/16/2026 | Filipiniana | |||||
| Library of Congress Classification | Non-fiction | Antipolo College Library | Antipolo College Library | Filipiniana Section | 10/23/2025 | Purchased | PL 5531 .So75 2022 | URSANT-06221 | 02/16/2026 | 2 | 02/16/2026 | Filipiniana |